000 00347nam a22001217a 4500
020 _a047141624x
082 _222
_a005.8
100 _aChirillo, John.
245 _aHack attacks revealed :
_ba completer reference customs security hacking toolkit /
260 _aNew York,
_bWiley,
_cc2001.
300 _axvi, 944p. ;
_bill. ;
_c23 cm.
942 _2ddc
_cIT
999 _c2080
_d2080